000 00725cam a2200241 i 4500
999 _c5226
_d5226
001 2738744
003 GBCCL
005 20241126110536.0
008 790110s1978 cau 000 0 eng
010 _a 78055587
020 _a089081130X :
_c$2.95
040 _aDLC
_cDLC
_dDLC
050 0 0 _aBV4501.2
_b.G29
082 0 0 _a248.4
_bGAL
100 1 _aGalloway, Dale E.
_99427
245 1 0 _aHow to feel like a somebody again /
_cDale Galloway.
260 _aIrvine, Calif. :
_bHarvest House Publishers,
_cc1978.
300 _a144 p. ;
_c21 cm.
650 0 _aChristian life.
_9183
650 0 _aSelf-acceptance
_xReligious aspects
_xChristianity.
_97075
906 _a7
_bcbc
_corignew
_d2
_eocip
_f19
_gy-gencatlg
942 _2ddc
_cBK